[Event "Guelph Winter Pro-Am"]
[Site "Guelph CAN"]
[Date "2019.02.03"]
[Round "5.1"]
[White "Migot, Tangi"]
[Black "Guo, Josh"]
[Result "1-0"]
[WhiteElo "2419"]
[BlackElo "2245"]
[PlyCount "109"]
[EventDate "2019.02.02"]
[EventType "swiss"]
[EventRounds "5"]
[EventCountry "CAN"]

1. d4 Nf6 2. c4 g6 3. Nc3 Bg7 4. e4 d6 5. Be2 O-O 6. Be3 e5 7. d5 Na6 8. g4 Nc5
9. f3 a5 10. h4 Ne8 11. h5 f5 12. hxg6 hxg6 13. exf5 gxf5 14. Qc2 e4 15. O-O-O
Qe7 16. Bxc5 dxc5 17. gxf5 exf3 18. Bd3 Nd6 19. Nxf3 Qe3+ 20. Nd2 Bxf5 21. Bxf5
Nxf5 22. Rde1 Qg5 23. Nce4 Qe7 24. Ng3 Qg5 25. Nge4 Qe7 26. Ng3 Qg5 27. Nxf5
Qxf5 28. Re7 Qxc2+ 29. Kxc2 Rf7 30. Rxf7 Kxf7 31. Ne4 b6 32. Ng5+ Kg6 33. Rg1
Be5 34. Nf3+ Kf6 35. Rf1 Bd6 36. Nd4+ Ke7 37. Nf5+ Kd7 38. Rh1 Rf8 39. Rh7+ Kc8
40. Nxd6+ cxd6 41. Kb3 Rf2 42. Ka3 a4 43. b3 axb3 44. axb3 b5 45. cxb5 Rf4 46.
b6 Rb4 47. Rc7+ Kd8 48. Rc6 Kd7 49. Kb2 Rb5 50. Kc2 Rb4 51. Kc3 Rb5 52. Kb2 c4
53. Rc7+ Kd8 54. Rxc4 Rxd5 55. b7 1-0

[Event "Guelph Winter Pro-Am"]
[Site "Guelph CAN"]
[Date "2019.02.03"]
[Round "5.2"]
[White "Li, Eric M"]
[Black "Hua, Eugene"]
[Result "0-1"]
[WhiteElo "2043"]
[BlackElo "2434"]
[PlyCount "80"]
[EventDate "2019.02.02"]
[EventType "swiss"]
[EventRounds "5"]
[EventCountry "CAN"]

1. d4 Nf6 2. Bf4 e6 3. e3 c5 4. c3 Nc6 5. Nf3 d5 6. Nbd2 Bd6 7. Bg3 O-O 8. Bd3
b6 9. Ne5 Bb7 10. f4 Ne7 11. Qf3 Nf5 12. Bf2 Be7 13. O-O Nd6 14. Qh3 Nfe4 15.
Ndf3 Qc8 16. Bh4 Bxh4 17. Qxh4 f6 18. Ng4 Ba6 19. Bxa6 Qxa6 20. Qe1 Qb5 21. Rb1
a5 22. Nf2 a4 23. Nxe4 dxe4 24. Nd2 Qd3 25. Rf2 cxd4 26. cxd4 Rfc8 27. Nf1 Rc6
28. Rd2 Qb5 29. Qf2 Rac8 30. Rbd1 Nc4 31. Rc2 a3 32. bxa3 Nxa3 33. Rxc6 Rxc6
34. g4 Rc2 35. Rd2 Rc1 36. Kg2 Nc4 37. Rc2 Rxf1 38. Qe2 Nxe3+ 39. Qxe3 Rf3 40.
Qc1 h5 0-1

[Event "Guelph Winter Pro-Am"]
[Site "Guelph CAN"]
[Date "2019.02.03"]
[Round "5.3"]
[White "Zhao, Jeffrey Renfei"]
[Black "Plotkin, Victor"]
[Result "0-1"]
[WhiteElo "2029"]
[BlackElo "2391"]
[PlyCount "120"]
[EventDate "2019.02.02"]
[EventType "swiss"]
[EventRounds "5"]
[EventCountry "CAN"]

1. e4 e5 2. Nf3 Nf6 3. Nxe5 d6 4. Nf3 Nxe4 5. Nc3 Nxc3 6. dxc3 Be7 7. Bd3 Nc6
8. Bf4 Bf6 9. O-O O-O 10. Qd2 Ne5 11. Nxe5 dxe5 12. Be3 Qe7 13. Rad1 Bg4 14. f3
Be6 15. Qe2 Rfe8 16. Be4 c6 17. Rd2 Bg5 18. Rfd1 a6 19. Bxg5 Qxg5 20. Qf2 f5
21. Bd3 Bd5 22. Qg3 Qxg3 23. hxg3 g6 24. c4 Bf7 25. Be2 Be6 26. Kf2 Kf7 27. f4
exf4 28. gxf4 Ke7 29. b3 Rad8 30. Bf3 Rxd2+ 31. Rxd2 Kf6 32. c5 h6 33. Rd6 g5
34. fxg5+ hxg5 35. c4 Ke5 36. g3 Re7 37. Be2 Rd7 38. Rxd7 Bxd7 39. Ke3 Be8 40.
b4 Bg6 41. a3 f4+ 42. gxf4+ gxf4+ 43. Kf2 Be4 44. Bg4 Bf5 45. Be2 Be4 46. Bg4
Kd4 47. Bc8 Kxc4 48. Bxb7 Kb5 49. Bc8 a5 50. bxa5 Kxa5 51. Ke2 Kb5 52. Bg4 Kxc5
53. Bf3 Bd5 54. Bxd5 cxd5 55. a4 d4 56. a5 Kb5 57. Kd3 f3 58. Kd2 Kxa5 59. Kd3
Kb4 60. Kd2 Kc4 0-1

[Event "Guelph Winter Pro-Am"]
[Site "Guelph CAN"]
[Date "2019.02.03"]
[Round "5.4"]
[White "Kang, Dorian"]
[Black "Gaisinsky, Adam"]
[Result "0-1"]
[WhiteElo "2200"]
[BlackElo "2055"]
[PlyCount "136"]
[EventDate "2019.02.02"]
[EventType "swiss"]
[EventRounds "5"]
[EventCountry "CAN"]

1. c4 Nf6 2. Nc3 e6 3. e4 e5 4. f4 d6 5. Nf3 Nc6 6. d3 Bg4 7. Be2 g6 8. O-O Bg7
9. h3 Bxf3 10. Bxf3 Nd7 11. Be3 O-O 12. f5 Nd4 13. g4 c6 14. Qd2 Re8 15. Ne2
Nxe2+ 16. Qxe2 g5 17. Qd2 h6 18. b4 f6 19. Bd1 c5 20. Ba4 b6 21. Rfb1 Qc7 22.
Rb2 Kf7 23. Rab1 Red8 24. bxc5 dxc5 25. Kf2 Nb8 26. Ke2 Nc6 27. Bxc6 Qxc6 28.
Rb5 Bf8 29. a4 Bd6 30. a5 Bc7 31. Qa2 Rh8 32. Ra1 Rhd8 33. Qa4 Rab8 34. axb6
axb6 35. Rb3 Qxa4 36. Rxa4 Ra8 37. Rba3 Rxa4 38. Rxa4 Ke7 39. Ra7 Kd6 40. Kd2
Kc6 41. Kc3 Rh8 42. Ra1 h5 43. gxh5 Rxh5 44. Rh1 Bd6 45. Kd2 b5 46. cxb5+ Kxb5
47. Ke2 Bf8 48. Bf2 Rh7 49. Rb1+ Kc6 50. Rh1 Kb5 51. Kf3 Kb4 52. Rb1+ Kc3 53.
Rb8 Be7 54. Rb7 Kxd3 55. Bxc5 Rxh3+ 56. Kg2 Bxc5 57. Kxh3 Kxe4 58. Kg4 Kd3 59.
Rf7 e4 60. Rxf6 e3 61. Re6 e2 62. Kf3 g4+ 63. Kxg4 Be3 64. f6 e1=Q 65. f7 Qf2
66. Re7 Qf4+ 67. Kh3 Qh6+ 68. Kg4 Qg5+ 0-1

[Event "Guelph Winter Pro-Am"]
[Site "Guelph CAN"]
[Date "2019.02.03"]
[Round "5.5"]
[White "Ning, Eric"]
[Black "Dougherty, Michael"]
[Result "0-1"]
[WhiteElo "2067"]
[BlackElo "2238"]
[PlyCount "98"]
[EventDate "2019.02.02"]
[EventType "swiss"]
[EventRounds "5"]
[EventCountry "CAN"]

1. d4 g6 2. c4 Bg7 3. Nc3 c5 4. d5 d6 5. g3 f5 6. Bg2 Bxc3+ 7. bxc3 Qa5 8. Qc2
Nd7 9. Nf3 Ngf6 10. O-O Ne4 11. Nd2 Nxd2 12. Bxd2 Nb6 13. e4 Nxc4 14. Bf4 O-O
15. Qe2 b5 16. exf5 Bxf5 17. Rfc1 Qc7 18. Bh6 Rfe8 19. g4 Bd7 20. h3 Rab8 21.
a4 Ne5 22. axb5 Rxb5 23. c4 Rb3 24. Rab1 Qb6 25. Qa2 Rxb1 26. Rxb1 Qc7 27. Be4
Rb8 28. Qc2 Rxb1+ 29. Qxb1 Qb6 30. Qa1 Qb4 31. f4 Qd2 32. fxe5 Qxh6 33. Bg2
Qe3+ 34. Kh1 Qxe5 35. Qxa7 Be8 36. Qb8 Kf7 37. Qb3 Kg7 38. Bf3 g5 39. Kg2 Bg6
40. Kf1 Be4 41. Be2 Qf4+ 42. Ke1 Qc1+ 43. Kf2 Qd2 44. Qe3 Qd4 45. Bf1 Kf6 46.
Ke2 Qxc4+ 47. Kf2 Qd4 48. Qxd4+ cxd4 49. Ke2 Ke5 0-1

[Event "Guelph Winter Pro-Am"]
[Site "Guelph CAN"]
[Date "2019.02.02"]
[Round "5.6"]
[White "Filipovich, David"]
[Black "Colvin, Andrew"]
[Result "1/2-1/2"]
[WhiteElo "2216"]
[BlackElo "2038"]
[PlyCount "55"]
[EventDate "2019.02.02"]
[EventType "swiss"]
[EventRounds "5"]
[EventCountry "CAN"]

1. Nf3 d5 2. g3 Nf6 3. Bg2 e6 4. O-O Be7 5. c4 O-O 6. d4 Nbd7 7. Nc3 dxc4 8. e4
b6 9. Nd2 Bb7 10. Nxc4 Bb4 11. Re1 b5 12. Nd2 a6 13. a3 Bxc3 14. bxc3 c5 15. e5
Bxg2 16. exf6 Bb7 17. fxg7 Kxg7 18. Ne4 cxd4 19. Qh5 Bxe4 20. Rxe4 Qf6 21. Bh6+
Qxh6 22. Rg4+ Qg6 23. cxd4 Nf6 24. Rxg6+ hxg6 25. Qc5 Nd5 26. Rc1 Rfb8 27. Rb1
Rc8 28. Qd6 1/2-1/2

[Event "Guelph Winter Pro-Am"]
[Site "Guelph CAN"]
[Date "2019.02.03"]
[Round "5.7"]
[White "Brajkovic, Nikola"]
[Black "Aniunoh, Chike"]
[Result "1-0"]
[WhiteElo "1970"]
[BlackElo "2193"]
[PlyCount "123"]
[EventDate "2019.02.02"]
[EventType "swiss"]
[EventRounds "5"]
[EventCountry "CAN"]

1. e4 e6 2. Nf3 d5 3. exd5 exd5 4. d4 Bd6 5. Be3 Ne7 6. Bd3 Nbc6 7. c3 Bf5 8.
b4 f6 9. a4 Qd7 10. Na3 Bxd3 11. Qxd3 a6 12. Nc2 O-O 13. h3 Rfe8 14. O-O Ng6
15. Qd2 Nce7 16. Qd3 c6 17. Bd2 Bc7 18. Rfe1 Nf5 19. Rxe8+ Rxe8 20. Re1 Nd6 21.
Rxe8+ Qxe8 22. g3 Nc4 23. Bc1 a5 24. Ne3 Nb6 25. Qd1 Qe4 26. bxa5 Nd7 27. Nd2
Qd3 28. Qb3 Bxg3 29. Ndf1 Bxf2+ 30. Kxf2 Nf4 31. Ng3 Nxh3+ 32. Ke1 Nf4 33. Qc2
Qa6 34. Qf5 Nd3+ 35. Kd2 Nf8 36. Qxd3 Qxa5 37. Qc2 Qc7 38. Nef1 Qf4+ 39. Ke2
Qg4+ 40. Kf2 h5 41. Qe2 Qxe2+ 42. Nxe2 Nd7 43. a5 c5 44. Nf4 cxd4 45. cxd4 Nb8
46. Bd2 Nc6 47. Bc3 h4 48. Nxd5 Kf7 49. Kf3 Ke6 50. Nde3 Ne7 51. Be1 g5 52. Kg4
Ng8 53. d5+ Kd6 54. Bb4+ Ke5 55. Bc3+ Kd6 56. Bb4+ Ke5 57. Bf8 f5+ 58. Kxg5 f4
59. d6 Ke6 60. Ng4 f3 61. Kxh4 Kd7 62. Kg3 1-0